University Home | Library Home | Institutional Repository

Classroom instruction from A to Z: (Record no. 124797)

MARC details
000 -LEADER
fixed length control field 00461cam a2200145 4500
008 - FIXED-LENGTH DATA ELEMENTS--GENERAL INFORMATION
fixed length control field 150528n 000 0 eng u
020 ## - INTERNATIONAL STANDARD BOOK NUMBER
International Standard Book Number 9781596670457
035 ## - SYSTEM CONTROL NUMBER
System control number (Sirsi) a190353
050 ## - LIBRARY OF CONGRESS CALL NUMBER
Classification number LB 1025.3 BLA 2007
100 ## - MAIN ENTRY--PERSONAL NAME
Personal name Blackburn, Barbara R.
245 ## - TITLE STATEMENT
Title Classroom instruction from A to Z:
Remainder of title how to promote student learning/
Statement of responsibility, etc. Barbara R. Blackburn.
260 ## - PUBLICATION, DISTRIBUTION, ETC.
Place of publication, distribution, etc. New York :
Name of publisher, distributor, etc. Eye on Education,
Date of publication, distribution, etc. 2007.
300 ## - PHYSICAL DESCRIPTION
Extent viii, 87p.
650 ## - SUBJECT ADDED ENTRY--TOPICAL TERM
Topical term or geographic name entry element Teaching.
Holdings
Withdrawn status Lost status Source of classification or shelving scheme Damaged status Not for loan Home library Current library Shelving location Total Checkouts Full call number Barcode Date last seen Copy number Price effective from Koha item type Date acquired
    Library of Congress Classification     Main Library Main Library On Shelf   LB 1025.3 BLA 2007 33729005275164 08/22/2019 1 08/22/2019 Book  
    Library of Congress Classification     Main Library Main Library On Shelf   LB 1025.3 BLA 2007 33729005274985 08/22/2019 2 08/22/2019 Book  
    Library of Congress Classification     Main Library Main Library On Shelf   LB 1025.3 BLA 2007 33729005275107 08/22/2019 3 08/22/2019 Book  
    Library of Congress Classification     Main Library Main Library On Shelf   LB 1025.3 BLA 2007 33729005275339 08/22/2019 4 08/22/2019 Book  
    Library of Congress Classification     Main Library Main Library On Shelf   LB 1025.3 BLA 2007 33729005310441 08/22/2019 5 08/22/2019 Book  
    Library of Congress Classification     Main Library Main Library On Shelf   LB 1025.3 BLA 2007 33729005310383 08/22/2019 6 08/22/2019 Book  
    Library of Congress Classification     Main Library Main Library On Shelf   LB 1025.3 BLA 2007 33729005310508 08/22/2019 7 08/22/2019 Book  
    Library of Congress Classification     Main Library Main Library On Shelf   LB 1025.3 BLA 2007 33729005297044 08/22/2019 8 08/22/2019 Book 12/10/2015
© 2026 - The University of Zambia Library - Koha v25.11